[Event "SVK-chT2A 0809"]
[Site "Slovakia"]
[Date "2009.02.28"]
[Round "10.4"]
[White "Hecko, Dusan"]
[Black "Hazir, Svetozar"]
[Result "0-1"]
[WhiteElo "2160"]
[BlackElo "2143"]
[PlyCount "68"]
[EventDate "2008.10.11"]
[EventType "team-tourn"]
[EventRounds "11"]
[EventCountry "SVK"]
[SourceTitle "EXT 2010"]
[Source "ChessBase"]
[SourceDate "2010.11.25"]
[SourceVersion "1"]
[SourceVersionDate "2010.11.25"]
[SourceQuality "1"]
[WhiteTeam "Osuske"]
[BlackTeam "Bratislava Doprastav II"]
[WhiteTeamCountry "SVK"]
[BlackTeamCountry "SVK"]

1. c4 e5 2. Nc3 Nf6 3. g3 Bb4 4. Bg2 c5 5. Nf3 Nc6 6. 0-0 0-0 7. d3 Bxc3 8. bxc3 d5 9. cxd5 Nxd5 10. Qc2 h6 11. e4 Nde7 12. Ne1 Be6 13. f4 f6 14. f5 Bf7 15. Be3 c4 16. Rf2 cxd3 17. Nxd3 Na5 18. Rd1 Qc7 19. Nb4 Nc4 20. Bc1 Rfd8 21. h4 Rxd1+ 22. Qxd1 Rd8 23. Qc2 Qd6 24. Bf1 a5 25. Bxc4 Bxc4 26. Nd5 Nxd5 27. exd5 Qxd5 28. Kh2 b5 29. g4 Bd3 30. Qd2 Qe4 31. Rg2 Kf7 32. Qf2 Rd7 33. Qb6 Bc4 34. g5 Qxh4+ 0-1

[Event "SVK-chT2A 0809"]
[Site "Slovakia"]
[Date "2009.01.31"]
[Round "8.5"]
[White "Hazir, Svetozar"]
[Black "Janos, Ivan"]
[Result "1-0"]
[WhiteElo "2143"]
[BlackElo "2159"]
[PlyCount "143"]
[EventDate "2008.10.11"]
[EventType "team-tourn"]
[EventRounds "11"]
[EventCountry "SVK"]
[SourceTitle "EXT 2010"]
[Source "ChessBase"]
[SourceDate "2010.11.25"]
[SourceVersion "1"]
[SourceVersionDate "2010.11.25"]
[SourceQuality "1"]
[WhiteTeam "Bratislava Doprastav II"]
[BlackTeam "Pezinok KS"]
[WhiteTeamCountry "SVK"]
[BlackTeamCountry "SVK"]

1. e4 c5 2. Nf3 e6 3. c4 Nc6 4. Nc3 Nd4 5. d3 g6 6. Be3 Bg7 7. e5 Qa5 8. Nxd4 cxd4 9. Bxd4 Ne7 10. b4 Qxb4 11. Rb1 Qa5 12. Rb5 Qd8 13. Ne4 Nf5 14. Bc3 d5 15. exd6 Bxc3+ 16. Nxc3 Nd4 17. Rb2 Qxd6 18. Be2 0-0 19. 0-0 Qa3 20. Qd2 Bd7 21. Rd1 Bc6 22. Bf1 Rad8 23. Ne2 Qc5 24. Qe3 Qh5 25. Rdd2 Qc5 26. Nc3 f5 27. Nb5 f4 28. Qe1 Bxb5 29. cxb5 f3 30. g3 e5 31. a4 Rf6 32. Qe3 Qc1 33. Qxe5 Ne2+ 34. Rxe2 fxe2 35. Rxe2 Rdf8 36. Qd5+ R6f7 37. Qc4 Qxc4 38. dxc4 Rc7 39. Bg2 b6 40. a5 bxa5 41. Ra2 Re8 42. Bd5+ Kf8 43. Rxa5 Ree7 44. h4 Kg7 45. Ra6 Re5 46. Kg2 Rf5 47. f4 Rf6 48. Ra1 Rd6 49. Kf3 Re7 50. Rd1 Rd8 51. g4 Rc7 52. Ra1 Re7 53. Ra6 Rde8 54. f5 Rf8 55. Be6 h5 56. g5 gxf5 57. Kf4 Rfe8 58. Kxf5 Rf8+ 59. Ke5 Rf1 60. Kd6 Kf8 61. Rc6 Rd1+ 62. Bd5 Re4 63. Kc5 Rxh4 64. Rc7 Rg4 65. Rxa7 h4 66. Rh7 Rxg5 67. b6 Rb1 68. Rxh4 Rg6 69. b7 Rgb6 70. Rh7 R1b2 71. Bc6 Kg8 72. Rc7 1-0

[Event "SVK-chT2A 0708"]
[Site "Slovakia"]
[Date "2007.10.07"]
[Round "2.4"]
[White "Blatnicky, Miroslav"]
[Black "Hazir, Svetozar"]
[Result "1/2-1/2"]
[WhiteElo "2135"]
[BlackElo "2130"]
[PlyCount "120"]
[EventDate "2007.10.06"]
[EventType "team-tourn"]
[EventRounds "11"]
[EventCountry "SVK"]
[SourceTitle "EXT 2010"]
[Source "ChessBase"]
[SourceDate "2010.11.25"]
[SourceVersion "1"]
[SourceVersionDate "2010.11.25"]
[SourceQuality "1"]
[WhiteTeam "Piestany Kupele"]
[BlackTeam "Bratislava Doprastav II"]
[WhiteTeamCountry "SVK"]
[BlackTeamCountry "SVK"]

1. e4 e5 2. Nf3 Nc6 3. Bb5 a6 4. Ba4 Nf6 5. 0-0 b5 6. Bb3 Be7 7. c3 0-0 8. Re1 d5 9. exd5 e4 10. dxc6 exf3 11. Qxf3 Bg4 12. Qe3 Re8 13. d4 Bd6 14. Qd2 Ne4 15. Qc2 Qh4 16. h3 Nxf2 17. Bxf7+ Kxf7 18. Qxf2+ Qxf2+ 19. Kxf2 Bg3+ 20. Kxg3 Rxe1 21. Nd2 Bh5 22. Nb3 Rae8 23. Bf4 Rxa1 24. Nxa1 Bg6 25. Bxc7 Be4 26. Be5 Bxc6 27. Nc2 Re6 28. Ne3 Rg6+ 29. Kf2 Ke6 30. g4 h5 31. Kg3 hxg4 32. hxg4 Rh6 33. Bxg7 Rh1 34. b3 Kf7 35. Be5 Ra1 36. d5 Bd7 37. c4 Rxa2 38. c5 Ra3 39. c6 Bc8 40. d6 Rxb3 41. Kf4 Ke6 42. Nf5 Rb4+ 43. Kg5 Rc4 44. d7 Bxd7 45. cxd7 Kxd7 46. Nd6 Rc2 47. Kf6 b4 48. g5 b3 49. g6 b2 50. Bxb2 Rxb2 51. Nf5 Rg2 52. g7 a5 53. Nh4 Rxg7 54. Kxg7 a4 55. Nf3 a3 56. Nd2 Ke6 57. Kg6 a2 58. Nb3 Kd5 59. Kf5 Kc4 60. Na1 Kc3 1/2-1/2

[Event "SVK-chT2A 0708"]
[Site "Slovakia"]
[Date "2007.10.06"]
[Round "1.4"]
[White "Hazir, Svetozar"]
[Black "Horvath, Mario"]
[Result "1/2-1/2"]
[WhiteElo "2130"]
[BlackElo "2283"]
[PlyCount "61"]
[EventDate "2007.10.06"]
[EventType "team-tourn"]
[EventRounds "11"]
[EventCountry "SVK"]
[SourceTitle "EXT 2010"]
[Source "ChessBase"]
[SourceDate "2010.11.25"]
[SourceVersion "1"]
[SourceVersionDate "2010.11.25"]
[SourceQuality "1"]
[WhiteTeam "Bratislava Doprastav II"]
[BlackTeam "Galanta"]
[WhiteTeamCountry "SVK"]
[BlackTeamCountry "SVK"]

1. e4 c5 2. Nc3 Nc6 3. f4 g6 4. Nf3 Bg7 5. Bc4 d6 6. 0-0 e6 7. d3 Nge7 8. Qe1 Nd4 9. Nxd4 cxd4 10. Ne2 0-0 11. Ng3 d5 12. Bb3 dxe4 13. dxe4 h6 14. Bd2 a5 15. Bc4 Qc7 16. Bd3 f5 17. Rc1 Nc6 18. c3 Qb6 19. Kh1 Qxb2 20. Bc4 Kh7 21. e5 dxc3 22. Bxc3 Qa3 23. Rd1 Re8 24. Rf3 Qc5 25. Qe2 Bf8 26. a4 Qb6 27. h4 Qc7 28. h5 Qf7 29. hxg6+ Qxg6 30. Rfd3 Be7 31. Qh5 1/2-1/2

[Event "SVK-chT1W 0607"]
[Site "Slovakia"]
[Date "2006.10.07"]
[Round "1.6"]
[White "Reisel, Frantisek"]
[Black "Hazir, Svetozar"]
[Result "1-0"]
[WhiteElo "2041"]
[BlackElo "2167"]
[PlyCount "80"]
[EventDate "2006.10.07"]
[EventType "team-tourn"]
[EventRounds "11"]
[EventCountry "SVK"]
[SourceTitle "EXT 2008"]
[Source "ChessBase"]
[SourceDate "2007.11.25"]
[SourceVersion "1"]
[SourceVersionDate "2007.11.25"]
[SourceQuality "1"]
[WhiteTeam "Prievidza SK"]
[BlackTeam "Bratislava Doprastav"]
[WhiteTeamCountry "SVK"]
[BlackTeamCountry "SVK"]

1. d4 d5 2. c4 e5 3. dxe5 d4 4. Nf3 Nc6 5. Bg5 f6 6. exf6 Nxf6 7. a3 Bf5 8. Nbd2 Qd7 9. g3 Be7 10. Bg2 h6 11. Bf4 0-0 12. 0-0 Kh8 13. b4 d3 14. e3 Nh5 15. Ne5 Nxe5 16. Bxe5 Bg4 17. f3 Be6 18. f4 Bg4 19. Bf3 Bxf3 20. Qxf3 Nf6 21. Qxb7 Ng4 22. Bd4 Rab8 23. Qe4 c5 24. bxc5 Nf6 25. Qxd3 Bxc5 26. Qc3 Bxd4 27. exd4 Rb6 28. Rfe1 Re8 29. d5 Rxe1+ 30. Rxe1 Rb8 31. Nf3 Qc7 32. Qd4 Rb3 33. Ne5 Rxa3 34. Ng6+ Kg8 35. Ne7+ Kh8 36. Nf5 Ra2 37. Rf1 Qa5 38. Rf2 Ra1+ 39. Kg2 Qe1 40. Kh3 Rd1 1-0

[Event "Bratislava Doprastav op"]
[Site "Bratislava"]
[Date "2006.06.28"]
[Round "6"]
[White "Kucera, Michal"]
[Black "Hazir, Svetozar"]
[Result "0-1"]
[WhiteElo "1988"]
[BlackElo "2103"]
[PlyCount "48"]
[EventDate "2006.06.24"]
[EventType "swiss"]
[EventRounds "9"]
[EventCountry "SVK"]
[SourceTitle "EXT 2008"]
[Source "ChessBase"]
[SourceDate "2007.11.25"]
[SourceVersion "1"]
[SourceVersionDate "2007.11.25"]
[SourceQuality "1"]

1. e4 e5 2. Nf3 Nc6 3. Bb5 a6 4. Ba4 Nf6 5. 0-0 b5 6. Bb3 Be7 7. Re1 0-0 8. a4 b4 9. d3 d6 10. h3 Na5 11. Ba2 c5 12. Nbd2 Nd7 13. Nc4 Nxc4 14. Bxc4 Nb6 15. Bb3 a5 16. Nh2 Kh8 17. Nf1 f5 18. exf5 Rxf5 19. Ne3 Rf6 20. Nd5 Rg6 21. Kh2 Bb7 22. Nxb6 Rxg2+ 23. Kh1 Qxb6 24. f3 Rf2 0-1

[Event "Bratislava Slovan op"]
[Site "Bratislava"]
[Date "2003.??.??"]
[Round "?"]
[White "Hazir, Svetozar"]
[Black "Vlcek, Stanislav"]
[Result "0-1"]
[WhiteElo "2095"]
[BlackElo "2235"]
[PlyCount "118"]
[EventDate "2003.04.??"]
[EventType "swiss"]
[EventRounds "9"]
[EventCountry "SVK"]
[SourceTitle "EXT 2005"]
[Source "ChessBase"]
[SourceDate "2004.11.15"]
[SourceVersion "1"]
[SourceVersionDate "2004.11.15"]
[SourceQuality "1"]

1. b3 Nf6 2. Bb2 d6 3. g3 g6 4. Bg2 Bg7 5. f4 0-0 6. Nf3 e5 7. fxe5 Ng4 8. 0-0 Nc6 9. h3 Ngxe5 10. Nxe5 dxe5 11. e4 Be6 12. Nc3 Nd4 13. Ne2 c5 14. d3 b5 15. c4 Nxe2+ 16. Qxe2 Qd7 17. Kh2 Rfd8 18. Rfd1 a6 19. Bc3 f6 20. Be1 Bf8 21. Bf2 Rac8 22. Be3 Bd6 23. h4 Rc6 24. Rd2 h5 25. Qf1 Kg7 26. Bh3 Bg4 27. Bxg4 hxg4 28. Kg2 Rf8 29. cxb5 axb5 30. a4 Ra6 31. axb5 Rxa1 32. Qxa1 Qxb5 33. Qa4 Rb8 34. Qxb5 Rxb5 35. Rb2 f5 36. Bd2 Kf6 37. Bc3 Ke6 38. Kf2 Rb7 39. exf5+ gxf5 40. Ke3 Kd5 41. Be1 Bf8 42. Kd2 Ra7 43. Kc3 Ra1 44. Re2 Bh6 45. Kb2 Rd1 46. Kc2 Rc1+ 47. Kb2 Kd4 48. Ba5 Kxd3 49. Rxe5 Bg7 50. Kxc1 Bxe5 51. Bb6 Bxg3 52. h5 Bf4+ 53. Kd1 g3 54. Ke1 Be3 55. Kf1 f4 56. Kg2 Ke2 57. h6 f3+ 58. Kxg3 f2 59. h7 f1Q 0-1

[Event "Bratislava Slovan op"]
[Site "Bratislava"]
[Date "2003.??.??"]
[Round "?"]
[White "Matejovic, Juraj"]
[Black "Hazir, Svetozar"]
[Result "1-0"]
[WhiteElo "2130"]
[BlackElo "2095"]
[PlyCount "48"]
[EventDate "2003.04.??"]
[EventType "swiss"]
[EventRounds "9"]
[EventCountry "SVK"]
[SourceTitle "EXT 2005"]
[Source "ChessBase"]
[SourceDate "2004.11.15"]
[SourceVersion "1"]
[SourceVersionDate "2004.11.15"]
[SourceQuality "1"]

1. e4 c5 2. Nf3 Nc6 3. d4 cxd4 4. Nxd4 g6 5. c4 Bg7 6. Be3 Nf6 7. Nc3 Ng4 8. Qxg4 Nxd4 9. Qd1 Ne6 10. Qd2 0-0 11. Bd3 d6 12. 0-0 Nc5 13. Be2 a5 14. f3 Bd7 15. Rab1 Bc6 16. Rfc1 a4 17. b4 axb3 18. axb3 Ra3 19. Bd1 Qa8 20. b4 Ne6 21. b5 Bd7 22. Nd5 Re8 23. Nb6 Qa7 24. Bf2 Rd8 1-0

[Event "SVK-chT3A 0001"]
[Site "Slovakia"]
[Date "2000.??.??"]
[Round "6"]
[White "Hazir, Svetozar"]
[Black "Mikulas, Dusan"]
[Result "1/2-1/2"]
[WhiteElo "2140"]
[BlackElo "2236"]
[PlyCount "45"]
[EventDate "2000.??.??"]
[EventType "team"]
[EventRounds "9"]
[EventCountry "SVK"]
[SourceTitle "EXT 2002"]
[Source "ChessBase"]
[SourceDate "2001.11.25"]
[SourceVersion "1"]
[SourceVersionDate "2001.11.25"]
[SourceQuality "1"]

1. d4 d5 2. Nf3 Nf6 3. Bf4 e6 4. e3 Bd6 5. Bg3 Bxg3 6. hxg3 Nbd7 7. c4 c6 8. Nc3 b6 9. cxd5 exd5 10. Bd3 h6 11. Qe2 Qe7 12. e4 dxe4 13. Nxe4 0-0 14. Nxf6+ Qxf6 15. Qe4 Qe6 16. Ne5 f5 17. Qxc6 Nxe5 18. Qxe6+ Bxe6 19. dxe5 f4 20. gxf4 Rxf4 21. 0-0 Rd8 22. Rad1 Rd5 23. a3 1/2-1/2

[Event "SVK-chT2W 9900"]
[Site "Slovakia"]
[Date "1999.??.??"]
[Round "1.3"]
[White "Hazir, Svetozar"]
[Black "Mandak, Miroslav"]
[Result "1-0"]
[WhiteElo "2186"]
[BlackElo "2076"]
[PlyCount "51"]
[EventDate "1999.11.06"]
[EventType "team"]
[EventRounds "9"]
[EventCountry "SVK"]
[SourceTitle "EXT 2005"]
[Source "ChessBase"]
[SourceDate "2004.11.15"]
[SourceVersion "1"]
[SourceVersionDate "2004.11.15"]
[SourceQuality "1"]

1. e4 c5 2. Nc3 Nc6 3. Bc4 d6 4. f4 Nf6 5. d3 e6 6. Nf3 d5 7. Bb3 d4 8. Ne2 Be7 9. 0-0 0-0 10. h3 Na5 11. g4 Nxb3 12. axb3 Ne8 13. f5 f6 14. Nf4 Nc7 15. Kh1 Bd6 16. Rg1 Bxf4 17. Bxf4 g5 18. fxg6 hxg6 19. g5 f5 20. Qe1 Ne8 21. Qh4 Ng7 22. Qh6 fxe4 23. Be5 Qd7 24. Nh4 Rf5 25. Nxg6 Rxe5 26. Qh8+ 1-0

[Event "SVK-chT2W 9900"]
[Site "Slovakia"]
[Date "1999.??.??"]
[Round "5.2"]
[White "Slapak, Zdenek"]
[Black "Hazir, Svetozar"]
[Result "0-1"]
[WhiteElo "2099"]
[BlackElo "2140"]
[PlyCount "92"]
[EventDate "1999.11.06"]
[EventType "team"]
[EventRounds "9"]
[EventCountry "SVK"]
[SourceTitle "EXT 2005"]
[Source "ChessBase"]
[SourceDate "2004.11.15"]
[SourceVersion "1"]
[SourceVersionDate "2004.11.15"]
[SourceQuality "1"]

1. Nf3 d5 2. b3 Nc6 3. Bb2 Nf6 4. e3 Bg4 5. Be2 e6 6. 0-0 Bd6 7. d4 Ne7 8. Nbd2 Ng6 9. c4 c6 10. a3 0-0 11. b4 Ne4 12. Nxe4 dxe4 13. Nd2 Bxe2 14. Qxe2 f5 15. Qh5 e5 16. Nb3 Qe7 17. Rad1 Rf6 18. d5 c5 19. bxc5 Bxc5 20. Nxc5 Qxc5 21. Qe2 a6 22. Rd2 b5 23. Rc1 Rd6 24. cxb5 Qxb5 25. Qxb5 axb5 26. Rc5 Rb8 27. Bc3 f4 28. exf4 exf4 29. Rc7 Rbd8 30. Rxg7+ Kf8 31. Rxh7 Rxd5 32. Rxd5 Rxd5 33. Kf1 f3 34. gxf3 exf3 35. Ke1 Nf4 36. Bb4+ Kg8 37. Re7 Ng2+ 38. Kf1 Rd1+ 39. Be1 Ra1 40. Re5 Kg7 41. h4 Kf6 42. Re8 Rxa3 43. Kg1 Ra1 44. Rf8+ Ke5 45. Rxf3 Nxe1 46. Rf8 Nf3+ 0-1

[Event "SVK-chT2A 9798"]
[Site "Slovakia"]
[Date "1997.??.??"]
[Round "?"]
[White "Cvicela, Anton"]
[Black "Hazir, Svetozar"]
[Result "1/2-1/2"]
[WhiteElo "2140"]
[BlackElo "1940"]
[PlyCount "93"]
[EventDate "1997.??.??"]
[EventType "team"]
[EventRounds "11"]
[EventCountry "SVK"]
[SourceTitle "EXT 2001"]
[Source "ChessBase"]
[SourceDate "2000.11.22"]
[SourceVersion "1"]
[SourceVersionDate "2000.11.22"]
[SourceQuality "1"]

1. e4 e5 2. Nf3 Nc6 3. Nc3 Nf6 4. d4 exd4 5. Nd5 Nxd5 6. exd5 Bb4+ 7. Bd2 Qe7+ 8. Qe2 Bxd2+ 9. Kxd2 Qxe2+ 10. Bxe2 Ne7 11. d6 Nc6 12. Rhe1 0-0 13. Bc4 cxd6 14. Re4 b5 15. Bd5 Rb8 16. Nxd4 Nxd4 17. Rxd4 Bb7 18. Bxb7 Rxb7 19. Rxd6 Re8 20. Re1 Kf8 21. Re3 Rxe3 22. Kxe3 Ke7 23. Ra6 d6 24. c3 Ke6 25. Kd4 f5 26. f4 h6 27. h4 g5 28. fxg5 hxg5 29. hxg5 Rg7 30. c4 bxc4 31. Kxc4 Rxg5 32. Rxa7 Rxg2 33. b4 f4 34. Kd3 Rb2 35. Kc4 f3 36. Ra8 f2 37. Rf8 Rxa2 38. b5 Ke5 39. Kb3 Re2 40. b6 Re3+ 41. Kc2 Re2+ 42. Kc3 Re3+ 43. Kc2 Kd5 44. b7 f1Q 45. Rxf1 Re8 46. Kd3 Rb8 47. Rb1 1/2-1/2